000 00412nam a22000977a 4500
082 _a800/ARY
245 _aसंत साहित्‍य और भारतीय वाडमय में प्रतीकों का विकास
260 _aदिल्‍ली
_bजास्मिन पब्लिकेशन
_c2021
650 _aकाव्‍य समीक्षा
_948818
942 _cHIN
999 _c68957
_d68957